000 00477nam a2200181Ia 4500
003 GCL
008 140319s9999 xx 000 0 eng d
040 _aGCL /
_cGCL
082 0 4 _a630
_bT F
100 1 _aTROW SMITH, ROLERT
245 1 0 _aFARMING THROUGH THE AGES IN PICTURES /
_cTROW SMITH, ROLERT
260 _a[S.N] :
_bFARMING PRESS BOOK ،
_c1993
300 _a106 P
650 0 4 _aFARMS
650 0 4 _aAGRICULTURE
650 0 4 _aAGRICULTURE - HISTORY
942 _2ddc
_cBK
999 _c16876
_d16876